[Event "80th ch-St Petersburg SF w"]
[Site "St Petersburg RUS"]
[Date "2012.01.28"]
[Round "1.2"]
[White "Toporkova,S"]
[Black "Efremova,D"]
[Result "1-0"]
[WhiteElo "1643"]
[BlackElo "1931"]
[WhiteFideId "4169930"]
[BlackFideId "24104906"]
[EventDate "2012.01.28"]

1. d4 Nf6 2. c4 e6 3. Nc3 Bb4 4. Qc2 b6 5. Nf3 Bb7 6. Bg5 Bxc3+ 7. Qxc3 O-O 8.
Nd2 h6 9. Bh4 Na6 10. b4 Ne4 11. Qh3 Qe8 12. Nxe4 Bxe4 13. a3 f5 14. f3 Bb7 15.
b5 Nb8 16. e3 e5 17. d5 a6 18. d6 cxd6 19. Rd1 Qe6 20. e4 axb5 21. exf5 Rxf5 22.
cxb5 Rxa3 23. Bc4 d5 24. Be2 Ra2 25. Bg3 d6 26. Bd3 e4 27. fxe4 dxe4 28. Be2 Qf6
29. Bxd6 Qb2 30. Bc4+ Kh8 31. Qxf5 Qc3+ 32. Kf1 Qxc4+ 33. Kg1 1-0

[Event "80th ch-St Petersburg SF w"]
[Site "St Petersburg RUS"]
[Date "2012.01.28"]
[Round "1.4"]
[White "Sorokina,Svetlana"]
[Black "Volskaya,Vera"]
[Result "1/2-1/2"]
[WhiteElo "1622"]
[BlackElo "1925"]
[WhiteFideId "24166006"]
[BlackFideId "24170054"]
[EventDate "2012.01.28"]

1. d4 Nf6 2. c4 c6 3. Nc3 d5 4. Nf3 b6 5. e3 e6 6. Be2 dxc4 7. Bxc4 Be7 8. O-O
O-O 9. b3 Nd5 10. Bb2 Nxc3 11. Bxc3 Ba6 12. Ne5 Bxc4 13. bxc4 Bd6 14. Nd3 Qh4
15. f4 Nd7 16. Rf3 Qh5 17. Qc2 Qf5 18. Qe2 Nf6 19. Nf2 Ne4 20. Nxe4 Qxe4 21.
Raf1 f5 22. Rg3 Rf7 23. Qb2 Bf8 24. Rd1 Rd8 25. Qb3 Be7 26. a4 c5 27. d5 exd5
28. cxd5 c4 29. Qb2 Bc5 30. Bd4 Rxd5 31. Rf3 Rfd7 32. Qc3 Bxd4 33. exd4 Rxd4 34.
Re1 Rd1 35. Rxd1 Rxd1+ 36. Kf2 Qd4+ 37. Ke2 Qxc3 38. Rxc3 Rd4 39. Ke3 Re4+ 40.
Kf3 a6 41. g3 b5 42. axb5 axb5 43. Ra3 Kf7 44. Ra5 b4 45. Rxf5+ Ke6 46. Rb5 Rd4
47. Rxb4 Kd6 48. Ke3 Rd3+ 49. Ke2 Kc5 50. Rb8 Rd7 51. f5 c3 52. g4 Kc4 53. g5 c2
54. Rc8+ Kb3 55. Rb8+ Kc3 56. Rc8+ Kb2 57. Rb8+ Kc1 58. f6 gxf6 59. gxf6 Rd2+
60. Ke1 Rd6 61. Rf8 Re6+ 62. Kf2 Kd2 63. Rd8+ Kc3 64. Rc8+ Kd3 65. Rd8+ Ke4 66.
Rc8 Rxf6+ 67. Ke2 Rh6 68. h4 Rxh4 69. Rc4+ Kd5 70. Rxh4 c1=Q 71. Kf3 h6 72. Kg4
Qg5+ 73. Kh3 Qe3+ 74. Kg2 Ke5 75. Rg4 h5 76. Rg3 Qc1 77. Kh2 Kf4 78. Rg2 Qe3 79.
Rg1 Qe2+ 80. Rg2 Qe1 81. Ra2 Qe5 82. Rg2 Kf3+ 83. Kg1 Qe1+ 84. Kh2 h4 85. Rg1
Qg3+ 86. Rxg3+ hxg3+ 87. Kh1 1/2-1/2

[Event "80th ch-St Petersburg SF w"]
[Site "St Petersburg RUS"]
[Date "2012.01.28"]
[Round "1.5"]
[White "Chuprova,Irina"]
[Black "Yusupova,L"]
[Result "1-0"]
[WhiteElo "1877"]
[BlackElo "1618"]
[WhiteFideId "24138584"]
[BlackFideId "24106879"]
[EventDate "2012.01.28"]

1. e4 e5 2. f4 Nc6 3. Nf3 d6 4. Bc4 h6 5. f5 Nf6 6. Nc3 Bd7 7. a3 Be7 8. d3 a6
9. h3 Nd4 10. Be3 Nxf3+ 11. Qxf3 Bc6 12. g4 Nh7 13. Ke2 Bg5 14. a4 Bxe3 15. Qxe3
Qg5 16. Qf2 Rf8 17. Rag1 Qe7 18. h4 Qd7 19. g5 h5 20. Rh3 g6 21. Rf3 b5 22. Bd5
Bxd5 23. Nxd5 Qc6 24. Kd2 b4 25. fxg6 fxg6 26. Rxf8+ Nxf8 27. Rf1 O-O-O 28. Ne7+ 1-0

[Event "80th ch-St Petersburg SF w"]
[Site "St Petersburg RUS"]
[Date "2012.01.28"]
[Round "1.6"]
[White "Pavlova,Vitalia"]
[Black "Vronskaya,Anna"]
[Result "0-1"]
[WhiteElo "1613"]
[BlackElo "1873"]
[WhiteFideId "24179108"]
[BlackFideId "24178870"]
[EventDate "2012.01.28"]

1. e4 c5 2. Nf3 Nc6 3. d4 cxd4 4. Nxd4 Nf6 5. Nc3 e5 6. Nf5 d6 7. Ng3 Be6 8. Nd5
Nxd5 9. exd5 Qa5+ 10. Qd2 Qxd5 11. Qxd5 Bxd5 12. Be3 Be6 13. a3 d5 14. O-O-O Bd6
15. c4 d4 16. Bd2 f5 17. f3 a5 18. Bd3 O-O 19. Rhf1 g6 20. Bh6 Rfc8 21. Kb1 a4
22. Bd2 Na5 23. Bxa5 Rxa5 24. Rc1 Rac5 25. Ne2 Bxc4 26. Bxc4+ Rxc4 27. Rxc4 Rxc4
28. Rc1 b5 29. g3 Kf7 30. Ka2 Rxc1 31. Nxc1 e4 32. fxe4 fxe4 33. Ne2 Be5 34. Kb1
d3 35. Nc3 Bxc3 36. bxc3 e3 37. Kc1 Ke6 0-1

[Event "80th ch-St Petersburg SF w"]
[Site "St Petersburg RUS"]
[Date "2012.01.28"]
[Round "1.7"]
[White "Zavgorodniaya,A"]
[Black "Letova,Tatiana"]
[Result "1-0"]
[WhiteElo "1873"]
[BlackElo "1612"]
[WhiteFideId "4169956"]
[BlackFideId "24139947"]
[EventDate "2012.01.28"]

1. e4 c5 2. Nf3 e6 3. c3 d5 4. exd5 Qxd5 5. d4 cxd4 6. Qxd4 Nf6 7. Be2 Nc6 8.
Qxd5 Nxd5 9. O-O Be7 10. a3 O-O 11. c4 Nb6 12. Nbd2 Bd7 13. b4 Bf6 14. Rb1 g6
15. Ne4 Bg7 16. Be3 Ne5 17. Nxe5 Bxe5 18. b5 Rac8 19. f4 Bg7 20. Nc5 Rc7 21. a4
e5 22. a5 Bf5 23. axb6 axb6 24. Nd3 exf4 25. Bxb6 Rxc4 26. Rbd1 Bxd3 27. Bxd3 1-0

[Event "80th ch-St Petersburg SF w"]
[Site "St Petersburg RUS"]
[Date "2012.01.28"]
[Round "1.9"]
[White "Chernyak,Viktoria"]
[Black "Pankova,Julia"]
[Result "1-0"]
[WhiteElo "1839"]
[BlackElo "1501"]
[WhiteFideId "24165956"]
[BlackFideId "34103276"]
[EventDate "2012.01.28"]

1. e4 c5 2. Nf3 Nc6 3. d4 cxd4 4. Nxd4 g6 5. Be2 Bg7 6. Nxc6 bxc6 7. O-O d6 8.
c4 Nf6 9. Nc3 O-O 10. Be3 Bb7 11. Rc1 d5 12. Qb3 Qd7 13. Rfd1 e6 14. e5 Nh5 15.
Bxh5 gxh5 16. Na4 Rfb8 17. Nc5 Qe7 18. Qc3 Kh8 19. f4 Rg8 20. Qd2 Rad8 21. Qe2
Bf8 22. b4 h4 23. Qh5 Ba8 24. a3 Rg7 25. Bf2 Qe8 26. Bxh4 Be7 27. Kh1 Bxh4 28.
Qxh4 Qg8 29. Qf6 Qf8 30. Rd3 Kg8 31. Rcc3 Rg6 32. Rg3 Rc8 33. Rxg6+ hxg6 34.
Nxe6 fxe6 35. Qxg6+ Qg7 36. Qxe6+ Kf8 37. Qxc8+ Ke7 38. Qxa8 Qg6 39. Qxa7+ Ke6
40. cxd5+ Kf5 41. Rxc6 1-0

[Event "80th ch-St Petersburg SF w"]
[Site "St Petersburg RUS"]
[Date "2012.01.29"]
[Round "2.1"]
[White "Klevets,Ksenia"]
[Black "Katyshkina,A"]
[Result "0-1"]
[WhiteElo "1837"]
[BlackElo "1983"]
[WhiteFideId "24157937"]
[BlackFideId "4169891"]
[EventDate "2012.01.28"]

1. d4 Nf6 2. Nf3 g6 3. Nbd2 d5 4. e3 Bg7 5. Bd3 O-O 6. O-O Bg4 7. h3 Bxf3 8.
Nxf3 c5 9. c3 Nc6 10. Bd2 Rc8 11. b4 b6 12. Qe2 Ne4 13. Rac1 Re8 14. b5 Nb8 15.
c4 Nxd2 16. Qxd2 e6 17. Rfd1 Nd7 18. a4 Nf6 19. Ne5 Qd6 20. Nc6 a6 21. cxd5 exd5
22. dxc5 bxc5 23. Bc4 d4 24. exd4 Ne4 25. dxc5 Qxd2 26. Rxd2 Nxd2 0-1

[Event "80th ch-St Petersburg SF w"]
[Site "St Petersburg RUS"]
[Date "2012.01.29"]
[Round "2.2"]
[White "Gudkina,Zhanna"]
[Black "Kolesnikova,K"]
[Result "0-1"]
[WhiteElo "1829"]
[BlackElo "1926"]
[WhiteFideId "24102318"]
[BlackFideId "4100174"]
[EventDate "2012.01.28"]

1. e4 c5 2. Nf3 Nc6 3. d4 cxd4 4. Nxd4 g6 5. Nc3 Bg7 6. Be3 d6 7. Bc4 Nf6 8. f3
O-O 9. Qd2 Nd7 10. h4 Nb6 11. Bb3 Na5 12. O-O-O Nbc4 13. Qe2 Nxb3+ 14. cxb3 Nxe3
15. Qxe3 Bd7 16. h5 Rc8 17. Kb1 a6 18. g4 b5 19. Nf5 gxf5 20. h6 Bxc3 21. bxc3
Kh8 22. Qd4+ f6 23. gxf5 Qc7 24. Kb2 Qc5 25. Qd2 Rg8 26. Rc1 a5 27. Rhd1 b4 28.
c4 a4 29. Qe2 axb3 30. axb3 Qe5+ 31. Kb1 Ra8 32. Qb2 Qxb2+ 33. Kxb2 Rg2+ 34. Rc2
Ra2+ 35. Kxa2 Rxc2+ 36. Kb1 Rh2 37. c5 Rxh6 38. cxd6 exd6 39. Rxd6 Bb5 40. Rb6
Be2 41. Rxb4 Bxf3 42. Kc2 Rh2+ 43. Kd3 Kg7 44. Rb7+ Kh6 45. b4 Kg5 46. Ke3 Rh3
47. Rg7+ Kh6 48. Re7 Bh1+ 49. Kd4 Kg5 50. b5 h5 51. Kd5 Kf4 52. b6 Rd3+ 53. Kc4
Bxe4 54. b7 Rd8 55. Rh7 Kxf5 56. Rxh5+ Ke6 57. Rb5 Bd3+ 0-1

[Event "80th ch-St Petersburg SF w"]
[Site "St Petersburg RUS"]
[Date "2012.01.29"]
[Round "2.3"]
[White "Kiseleva,A"]
[Black "Skafar,Darya"]
[Result "1/2-1/2"]
[WhiteTitle "WCM"]
[WhiteElo "1916"]
[BlackElo "1738"]
[WhiteFideId "4164989"]
[BlackFideId "24167169"]
[EventDate "2012.01.28"]

1. d4 d5 2. Nf3 Nf6 3. c4 c6 4. Nc3 dxc4 5. a4 Bf5 6. e3 e6 7. Bxc4 Bb4 8. O-O
O-O 9. Qe2 Bg6 10. Ne5 Nbd7 11. Nxg6 hxg6 12. Rd1 Nb6 13. Bb3 Nbd5 14. Bd2 Qa5
15. Rac1 Rfd8 16. e4 Ne7 17. Bf4 Qb6 18. e5 Nfd5 19. Bg5 Bxc3 20. Bxd5 Bb4 21.
Bf3 Rd7 22. Be4 Rad8 23. Be3 Nd5 24. Bxd5 Rxd5 25. g3 R8d7 26. Kg2 Qd8 27. Rh1
Ba5 28. h4 Bb6 29. h5 Bxd4 30. hxg6 fxg6 31. Bxd4 Rxd4 32. Rh2 Rd1 33. Rc3 R7d2
34. Qg4 Qd5+ 35. Kh3 Rh1 36. Rf3 Rxh2+ 37. Kxh2 Rd4 38. Rf4 Rd1 39. Re4 Rd2 40.
Kg2 Rd4 41. f3 Rxe4 42. fxe4 Qxe5 43. Qxg6 Qxb2+ 44. Kh3 Qf6 45. Qe8+ Kh7 46.
Qb8 Qf1+ 47. Kg4 Qd1+ 48. Kf4 c5 49. Qxb7 c4 50. Qc6 Qd2+ 51. Kg4 c3 52. Qxe6
Qe2+ 53. Kh4 Qf3 54. Qc4 Qh1+ 55. Kg5 Qc1+ 56. Kf5 c2 57. e5 Qd1 58. Qh4+ Kg8
59. Qc4+ Kh7 60. Qh4+ Kg8 61. Qc4+ Kh8 62. Qh4+ Kg8 63. Qc4+ Kh8 64. Qh4+ 1/2-1/2

[Event "80th ch-St Petersburg SF w"]
[Site "St Petersburg RUS"]
[Date "2012.01.29"]
[Round "2.4"]
[White "Rybakova,Polina"]
[Black "Chuprova,Irina"]
[Result "1-0"]
[WhiteElo "1778"]
[BlackElo "1877"]
[WhiteFideId "24178829"]
[BlackFideId "24138584"]
[EventDate "2012.01.28"]

1. e4 c5 2. Nf3 Nc6 3. d4 cxd4 4. Nxd4 e5 5. Nf3 Nf6 6. Nc3 Bb4 7. Bd3 d5 8.
exd5 Nxd5 9. Bd2 Nxc3 10. bxc3 Be7 11. O-O O-O 12. Re1 Qc7 13. Qe2 Bd6 14. Ng5
f5 15. Bc4+ Kh8 16. Nxh7 g6 17. Nxf8 Bxf8 18. Bg5 Bg7 19. Qd3 1-0

[Event "80th ch-St Petersburg SF w"]
[Site "St Petersburg RUS"]
[Date "2012.01.29"]
[Round "2.5"]
[White "Vronskaya,Anna"]
[Black "Dobronravina,Anna"]
[Result "0-1"]
[WhiteElo "1873"]
[BlackElo "1687"]
[WhiteFideId "24178870"]
[BlackFideId "24138592"]
[EventDate "2012.01.28"]

1. d4 Nf6 2. c4 g6 3. Nc3 Bg7 4. e4 d6 5. f4 O-O 6. Nf3 c5 7. d5 e6 8. dxe6 fxe6
9. Be2 Nc6 10. O-O a6 11. h3 Nh5 12. Ne1 Ng3 13. Rf3 Nxe2+ 14. Nxe2 b5 15. cxb5
axb5 16. Qb3 Qb6 17. Be3 Na5 18. Qc2 Nc4 19. Bc1 Bb7 20. a4 d5 21. e5 b4 22. Rg3
Na5 23. b3 Ba6 24. Rb1 Nc6 25. Kh2 Ne7 26. Nd3 Rac8 27. Bd2 Nf5 28. Rf3 Rfd8 29.
g4 Ne7 30. Be3 d4 31. Bf2 Nd5 32. Rc1 Bf8 33. Rg3 Rc7 34. Qd2 Rb8 35. f5 Nc3 36.
Nef4 Ne4 37. Qb2 Nxg3 38. Kxg3 Bxd3 39. Nxd3 exf5 40. Nf4 Rd8 41. Qe2 g5 42.
Qc4+ Rf7 43. Ne6 f4+ 44. Kh2 Re8 45. Nxg5 Qg6 46. Nxf7 Qxf7 47. Qxf7+ Kxf7 48.
Kg2 Rxe5 49. Kf3 Bd6 50. h4 h6 51. Ra1 Ke6 52. a5 Kd5 53. a6 Re8 54. a7 Ra8 55.
g5 hxg5 56. hxg5 Ke5 57. g6 Bf8 58. Ra5 Kf6 59. Ra6+ Kf5 60. Bh4 d3 61. Be1 Bg7
62. Bd2 c4 63. Bxb4 cxb3 64. Bc5 b2 65. Rb6 Rxa7 66. Rxb2 Bxb2 67. Bxa7 Kxg6 68.
Bb8 Bc1 69. Ba7 Kf5 70. Bf2 d2 71. Ke2 f3+ 72. Kd1 Kf4 73. Bd4 Kg3 74. Be3 Kg2 0-1

[Event "80th ch-St Petersburg SF w"]
[Site "St Petersburg RUS"]
[Date "2012.01.29"]
[Round "2.9"]
[White "Volskaya,Vera"]
[Black "Efremova,D"]
[Result "1-0"]
[WhiteElo "1925"]
[BlackElo "1931"]
[WhiteFideId "24170054"]
[BlackFideId "24104906"]
[EventDate "2012.01.28"]

1. d4 Nf6 2. c4 e6 3. Nc3 Bb4 4. Qc2 d5 5. e3 O-O 6. Nf3 c5 7. cxd5 cxd4 8. exd4
exd5 9. Be2 Ne4 10. O-O Bf5 11. Qb3 Nc6 12. Nxd5 Be6 13. Bc4 Nd6 14. Bg5 Qa5 15.
Ne7+ Nxe7 16. Bxe6 Ndf5 17. Bc4 Nc6 18. Be3 Nxe3 19. fxe3 Qb6 20. Ng5 Na5 21.
Bxf7+ Kh8 22. Qd3 Qh6 23. Qf5 Bd2 24. Rf3 g6 25. Qf4 Nc4 26. Qf6+ 1-0

[Event "80th ch-St Petersburg SF w"]
[Site "St Petersburg RUS"]
[Date "2012.01.29"]
[Round "2.10"]
[White "Zhivotovskaya,Asya"]
[Black "Sorokina,Svetlana"]
[Result "0-1"]
[WhiteElo "1688"]
[BlackElo "1622"]
[WhiteFideId "24166014"]
[BlackFideId "24166006"]
[EventDate "2012.01.28"]

1. e4 e5 2. Nf3 Nc6 3. Bb5 d6 4. d4 Bd7 5. O-O Nf6 6. Re1 Be7 7. Nc3 exd4 8.
Nxd4 O-O 9. Bf4 Re8 10. Nxc6 bxc6 11. Bc4 Be6 12. Bxe6 fxe6 13. e5 Nd5 14. Nxd5
cxd5 15. Qg4 Qd7 16. h4 Bf8 17. Re3 Re7 18. exd6 cxd6 19. Bg5 Rf7 20. Qxe6 Rc8
21. c3 h6 22. Qxd7 Rxd7 23. Bf4 Be7 24. Bg3 Rb7 25. Rd1 Bf6 26. Re2 Rc5 27. Bxd6
Rcb5 28. b3 Bxc3 29. Rd3 d4 30. Kf1 Rd7 31. Be5 a5 32. f4 a4 33. bxa4 Ra5 34.
Rc2 Rf7 35. g3 Rxe5 36. Kg2 Ra5 37. Kf3 Rxa4 38. Ke2 Rfa7 39. Kf3 Rxa2 40. Rxa2
Rxa2 41. Ke4 Re2+ 42. Kf3 Re7 43. Kf2 Kf7 44. Kf3 Ke6 45. Ke2 Kd5+ 46. Kd1 Kc4
47. Rf3 d3 48. Rf1 Ra7 0-1

[Event "80th ch-St Petersburg SF w"]
[Site "St Petersburg RUS"]
[Date "2012.01.29"]
[Round "2.11"]
[White "Elizarova,T"]
[Black "Pankova,Julia"]
[Result "1-0"]
[WhiteElo "1678"]
[BlackElo "1501"]
[WhiteFideId "24128350"]
[BlackFideId "34103276"]
[EventDate "2012.01.28"]

1. d4 d5 2. c4 c6 3. Nf3 Nf6 4. Nc3 dxc4 5. a4 Bf5 6. e3 e6 7. Bxc4 Bb4 8. Bd2
Nbd7 9. O-O O-O 10. Ne2 Bxd2 11. Qxd2 Nb6 12. Bd3 Bxd3 13. Qxd3 Re8 14. Nc3 c5
15. Qe2 cxd4 16. Nxd4 Qe7 17. Rfd1 Red8 18. Rac1 Rac8 19. Qb5 Nbd5 20. Nxd5 Nxd5
21. Qb3 Qb4 22. h3 Qxb3 23. Nxb3 h6 24. Nd4 Nb6 25. b3 Nd5 26. Nb5 a6 27. Na3
Nb4 28. Nc4 Nd5 29. Kf1 f6 30. Ke1 Kf7 31. Rc2 Rd7 32. e4 Rcd8 33. exd5 exd5 34.
Ne3 Ke6 35. Rcd2 b6 36. Rd4 Rd6 37. R1d3 g6 38. f4 f5 39. Rc3 R8d7 40. Rc8 Kf7
41. Rh8 h5 42. Rh7+ Ke6 43. Rxd7 Rxd7 44. Kd2 a5 45. Nc2 Kd6 46. Rd3 Ke6 47.
Nd4+ Kf6 48. Re3 Rd6 49. Rc3 Ke7 50. Rc6 Kd7 51. Rxd6+ Kxd6 52. Kc3 Kc5 53. Ne6+
Kd6 54. Nf8 Kc5 55. Nd7+ Kc6 56. Ne5+ Kc5 57. Nd3+ Kd6 58. Kd4 Ke6 59. b4 Kd6
60. bxa5 bxa5 61. Ne5 Ke6 62. Nxg6 Kd6 63. Ne5 Ke6 64. Nc6 Kd6 65. Nxa5 Ke6 66.
Nb7 Kd7 67. Kxd5 Kc7 68. Nc5 Kb6 69. Ne6 Ka5 70. Ng7 Kxa4 71. Nxh5 Kb5 1-0

[Event "80th ch-St Petersburg SF w"]
[Site "St Petersburg RUS"]
[Date "2012.01.30"]
[Round "3.3"]
[White "Zavgorodniaya,A"]
[Black "Dobronravina,Anna"]
[Result "1/2-1/2"]
[WhiteElo "1873"]
[BlackElo "1687"]
[WhiteFideId "4169956"]
[BlackFideId "24138592"]
[EventDate "2012.01.28"]

1. e4 c5 2. Nf3 e6 3. c3 d5 4. exd5 Qxd5 5. d4 Nf6 6. Na3 cxd4 7. Nb5 Qd8 8.
Nbxd4 a6 9. a4 Be7 10. Be2 O-O 11. O-O Qc7 12. Qc2 Nc6 13. Nxc6 Qxc6 14. Bf4 Bd6
15. Be5 Bxe5 16. Nxe5 Qc7 17. f4 Nd5 18. Rf3 Nxf4 19. Rxf4 Qxe5 20. Raf1 Bd7 21.
Rh4 h6 22. Bf3 Qc5+ 23. Qf2 Qxf2+ 24. Rxf2 Ra7 25. Rd2 b5 26. Rhd4 Bc8 27. Rd8
Rc7 28. axb5 axb5 29. Be2 Rc5 30. b4 Rxc3 31. Bxb5 Rxd8 32. Rxd8+ Kh7 33. Bd3+
g6 34. b5 Kg7 35. Be4 f5 36. Ba8 e5 37. b6 e4 38. b7 Bxb7 39. Bxb7 e3 40. Kf1
Kf6 41. Ke2 f4 42. Be4 g5 43. Rh8 Ke5 44. Bf3 Rc2+ 45. Kd1 Rd2+ 46. Ke1 Rd6 47.
Rh7 Kf5 48. Rc7 Kg6 49. Rc6 Rxc6 50. Bxc6 g4 51. Ke2 Kg5 52. Be4 Kh4 53. Bd5 Kg5
54. Kd3 Kh4 55. Bc4 g3 56. hxg3+ Kxg3 57. Bd5 1/2-1/2

[Event "80th ch-St Petersburg SF w"]
[Site "St Petersburg RUS"]
[Date "2012.01.30"]
[Round "3.4"]
[White "Chernyak,Viktoria"]
[Black "Volskaya,Vera"]
[Result "1/2-1/2"]
[WhiteElo "1839"]
[BlackElo "1925"]
[WhiteFideId "24165956"]
[BlackFideId "24170054"]
[EventDate "2012.01.28"]

1. e4 d5 2. exd5 Qxd5 3. d4 Nf6 4. Nf3 Bg4 5. Be2 e6 6. O-O Be7 7. c4 Qd8 8. Nc3
O-O 9. Be3 c6 10. Rc1 Nbd7 11. Re1 Re8 12. a3 Nf8 13. Ne5 Bxe2 14. Qxe2 N6d7 15.
f4 Bd6 16. Ne4 Bc7 17. Qh5 Qe7 18. Bf2 Bd8 19. Bh4 f6 20. Re3 g6 21. Qe2 Qg7 22.
Nxd7 Qxd7 23. Nxf6+ Bxf6 24. Bxf6 Qf7 25. Be5 Nd7 26. Rf1 Nxe5 27. dxe5 Rad8 28.
Rd3 Qf5 29. Rb3 Re7 30. g4 Qf8 31. Qe3 b6 32. Rd3 Red7 33. Rfd1 Rxd3 34. Rxd3
Rxd3 35. Qxd3 Qxf4 36. Qd8+ Kg7 37. Qe7+ Kh6 38. Qh4+ Kg7 39. Qe7+ Kh6 40. Qh4+ 1/2-1/2

[Event "80th ch-St Petersburg SF w"]
[Site "St Petersburg RUS"]
[Date "2012.01.30"]
[Round "3.5"]
[White "Sorokina,Svetlana"]
[Black "Kiseleva,A"]
[Result "0-1"]
[BlackTitle "WCM"]
[WhiteElo "1622"]
[BlackElo "1916"]
[WhiteFideId "24166006"]
[BlackFideId "4164989"]
[EventDate "2012.01.28"]

1. d4 Nf6 2. c4 e6 3. Nc3 d5 4. Nf3 Bb4 5. e3 O-O 6. a3 Bxc3+ 7. bxc3 b6 8. cxd5
exd5 9. Bd3 Re8 10. O-O Nbd7 11. a4 c5 12. c4 Bb7 13. Bb2 Rc8 14. Rc1 Rc7 15.
Qe2 cxd4 16. Nxd4 Nc5 17. Nb5 Nxd3 18. Bxf6 Nxc1 19. Rxc1 gxf6 20. Nxc7 Qxc7 21.
Qg4+ Kh8 22. Qd4 Qe5 23. Qg4 Rg8 24. Qd7 Qe4 25. Qh3 Bc8 0-1

[Event "80th ch-St Petersburg SF w"]
[Site "St Petersburg RUS"]
[Date "2012.01.30"]
[Round "3.7"]
[White "Chuprova,Irina"]
[Black "Toporkova,S"]
[Result "0-1"]
[WhiteElo "1877"]
[BlackElo "1643"]
[WhiteFideId "24138584"]
[BlackFideId "4169930"]
[EventDate "2012.01.28"]

1. e4 c5 2. Nf3 d6 3. d4 cxd4 4. Nxd4 Nc6 5. Nc3 g6 6. Be3 Bg7 7. Qd2 Nf6 8. f3
h5 9. O-O-O a6 10. Nxc6 bxc6 11. e5 Nd5 12. Nxd5 cxd5 13. Qb4 dxe5 14. Bc5 d4
15. Bc4 a5 16. Qa3 Ba6 17. Rhe1 Bxc4 18. Qa4+ Qd7 19. Qxc4 O-O 20. Ba3 Rfc8 0-1

[Event "80th ch-St Petersburg SF w"]
[Site "St Petersburg RUS"]
[Date "2012.01.30"]
[Round "3.8"]
[White "Chuinyshena,Svetlana"]
[Black "Vronskaya,Anna"]
[Result "0-1"]
[WhiteElo "1628"]
[BlackElo "1873"]
[WhiteFideId "24165964"]
[BlackFideId "24178870"]
[EventDate "2012.01.28"]

1. d4 d5 2. c4 e6 3. Nf3 c5 4. cxd5 exd5 5. b3 Nf6 6. g3 Be7 7. Bg2 O-O 8. dxc5
Bxc5 9. Bb2 Qb6 10. O-O Ne4 11. Nd4 Nc6 12. e3 Nxd4 13. Bxd4 Bxd4 14. Qxd4 Qxd4
15. exd4 Bd7 16. Re1 Rfe8 17. Na3 a6 18. Nc2 Rac8 19. Nb4 Bc6 20. Nxc6 bxc6 21.
Rac1 f5 22. Bf1 a5 23. Ba6 Rc7 24. Rc2 Rb8 25. Bd3 Rb4 26. Bxe4 fxe4 27. Rd1 Kf7
28. Rc5 a4 29. bxa4 Rxa4 30. Rd2 Ke6 31. Kg2 Kd6 32. Rcc2 Ra3 33. h3 Rca7 34.
Kf1 R7a4 35. Ke2 Rc4 36. Rb2 Kc7 37. h4 g6 38. Rb1 Rca4 39. Rbb2 Rc3 40. Rb1
Raa3 41. Rbb2 e3 42. Rdc2 Rxc2+ 43. Rxc2 exf2 44. Kxf2 Rd3 45. Re2 Kd6 46. Rb2
Rxd4 47. Rc2 c5 48. Ke3 Ra4 49. Rd2 Ke5 50. Rh2 Ra3+ 0-1

[Event "80th ch-St Petersburg SF w"]
[Site "St Petersburg RUS"]
[Date "2012.01.30"]
[Round "3.9"]
[White "Pavlova,Vitalia"]
[Black "Klevets,Ksenia"]
[Result "1/2-1/2"]
[WhiteElo "1613"]
[BlackElo "1837"]
[WhiteFideId "24179108"]
[BlackFideId "24157937"]
[EventDate "2012.01.28"]

1. f4 g6 2. Nf3 Bg7 3. d4 e6 4. e3 Ne7 5. Bd3 b6 6. O-O Bb7 7. Bd2 d6 8. Be1 O-O
9. h4 Nd7 10. h5 e5 11. hxg6 hxg6 12. Nbd2 Nd5 13. Bh4 Qc8 14. Bf2 exf4 15. e4
N5f6 16. Ng5 Nh5 17. Be2 Ng3 18. Bxg3 fxg3 19. c3 Nf6 20. Qe1 Nh7 21. Qxg3 Nxg5
22. Qxg5 Qd8 23. Qxd8 Raxd8 24. Bd3 Rde8 25. Rae1 Re7 26. Re2 a6 27. Rfe1 Rfe8
28. Nf3 b5 29. Kf2 c5 30. a3 cxd4 31. Nxd4 d5 32. exd5 Rxe2+ 33. Rxe2 Rxe2+ 34.
Bxe2 Bxd5 35. Bf3 Bxf3 36. Kxf3 f5 37. Nc6 Bh6 38. Nb8 Bc1 39. Nxa6 Bxb2 40. Nc7
Bxa3 41. Nxb5 Bc1 42. g4 fxg4+ 43. Kxg4 Kf7 44. Nc7 Kf6 45. Nd5+ Ke5 46. Ne7 g5
47. Ng8 Kd5 48. Nh6 Kc4 49. Nf7 Kxc3 50. Nxg5 1/2-1/2

[Event "80th ch-St Petersburg SF w"]
[Site "St Petersburg RUS"]
[Date "2012.01.30"]
[Round "3.10"]
[White "Petrochenko,Maria"]
[Black "Gudkina,Zhanna"]
[Result "0-1"]
[WhiteElo "1585"]
[BlackElo "1829"]
[WhiteFideId "24161420"]
[BlackFideId "24102318"]
[EventDate "2012.01.28"]

1. d4 d5 2. c4 c6 3. Nc3 Nf6 4. Nf3 dxc4 5. e3 b5 6. a4 b4 7. Na2 e6 8. Bxc4
Nbd7 9. O-O Be7 10. Bd2 a5 11. Nc1 Nb6 12. Bb3 Ba6 13. Re1 Nc4 14. Qc2 Nb6 15.
Qxc6+ Nfd7 16. Qc2 Rc8 17. Qd1 O-O 18. Ne2 Nc4 19. Bxc4 Bxc4 20. b3 Bd5 21. Nf4
Be4 22. Rc1 Qb6 23. Rf1 Qb7 24. Ne1 e5 25. dxe5 Nxe5 26. f3 Bf5 27. e4 Qb6+ 28.
Kh1 Rxc1 29. Qxc1 Qa6 30. Nc2 Rc8 31. Re1 Nd3 32. Nxd3 Qxd3 33. Re3 Qxc2 34.
Qxc2 Rxc2 35. exf5 Rxd2 36. g3 Kf8 37. Re5 Bd8 38. Re3 Bb6 0-1

[Event "80th ch-St Petersburg SF w"]
[Site "St Petersburg RUS"]
[Date "2012.01.30"]
[Round "3.14"]
[White "Pankova,Julia"]
[Black "Yusupova,L"]
[Result "0-1"]
[WhiteElo "1501"]
[BlackElo "1618"]
[WhiteFideId "34103276"]
[BlackFideId "24106879"]
[EventDate "2012.01.28"]

1. e4 c5 2. Nf3 d6 3. d4 cxd4 4. Qxd4 Nc6 5. Bb5 Bd7 6. Bxc6 Bxc6 7. Nc3 Nf6 8.
Bg5 h6 9. Bxf6 gxf6 10. O-O-O Rg8 11. Rhg1 Bg7 12. Qd3 Qa5 13. Nd4 Bd7 14. Kb1
Rc8 15. f4 a6 16. Nb3 Qc7 17. Nd5 Qc4 18. Qxc4 Rxc4 19. Rge1 e6 20. Nb6 Rc6 21.
Nxd7 Kxd7 22. c3 h5 23. Kc2 h4 24. Rd3 Bh6 25. g3 hxg3 26. hxg3 Bf8 27. Red1 b5
28. Nd4 Rc7 29. Rg1 Rh8 30. Rd2 Be7 31. Kd3 Rcc8 32. Ke3 Rh3 33. Kf3 Rch8 34.
Rdg2 Bd8 35. Rd1 Bb6 36. Ne2 e5 37. f5 a5 38. b3 Rh1 39. Rc1 b4 40. cxb4 axb4
41. Rxh1 Rxh1 42. g4 Rf1+ 43. Kg3 Ra1 44. Kf3 Rxa2 45. Ng3 Ra1 46. Rd2 Rb1 47.
Rd3 Bd4 48. Ne2 Rf1+ 49. Kg3 Rb1 50. Nxd4 exd4 51. Kf2 Kc6 52. Kf3 Kc5 53. Kf2
Rc1 54. Ke2 Rc2+ 55. Kf3 Rc3 56. Ke2 d5 57. e5 fxe5 58. g5 Rxd3 59. Kxd3 e4+ 60.
Kd2 Kd6 61. f6 Ke6 0-1